NextGeners Pedagogical Considerations /

This book covers topics of these applications, including potential limitations and expanded application in the future. To the fast development of a variety of Next Geners technologies in the post human genome project era, sequencing analysis of a group of target genes, entire protein coding regions...

Full description

Bibliographic Details
Main Author: Griffith, Bryant (Author)
Corporate Author: SpringerLink (Online service)
Format: Electronic eBook
Language:English
Published: Rotterdam : SensePublishers : Imprint: SensePublishers, 2016.
Subjects:
Online Access:Full Text via HEAL-Link
LEADER 02077nam a22003735i 4500
001 978-94-6300-642-2
003 DE-He213
005 20160727033022.0
007 cr nn 008mamaa
008 160727s2016 ne | s |||| 0|eng d
020 |a 9789463006422  |9 978-94-6300-642-2 
024 7 |a 10.1007/978-94-6300-642-2  |2 doi 
040 |d GrThAP 
050 4 |a L1-991 
072 7 |a JN  |2 bicssc 
072 7 |a EDU000000  |2 bisacsh 
082 0 4 |a 370  |2 23 
100 1 |a Griffith, Bryant.  |e author. 
245 1 0 |a NextGeners  |h [electronic resource] :  |b Pedagogical Considerations /  |c by Bryant Griffith. 
264 1 |a Rotterdam :  |b SensePublishers :  |b Imprint: SensePublishers,  |c 2016. 
300 |a XII, 144 p.  |b online resource. 
336 |a text  |b txt  |2 rdacontent 
337 |a computer  |b c  |2 rdamedia 
338 |a online resource  |b cr  |2 rdacarrier 
347 |a text file  |b PDF  |2 rda 
520 |a This book covers topics of these applications, including potential limitations and expanded application in the future. To the fast development of a variety of Next Geners technologies in the post human genome project era, sequencing analysis of a group of target genes, entire protein coding regions of the human genome, and the whole human genome has become a reality. Next Generation Sequencing (NGS) or Massively Parallel Sequencing (MPS) technologies offers a way to screen for mutations in many different genes in a cost and time efficient manner by deep coverage of the target sequences. This novel technology has now been applied to clinical diagnosis of Mendelian disorders of well characterized or undefined diseases, discovery of new disease genes, noninvasive prenatal diagnosis using maternal blood, and population based carrier testing of severe autosomal recessive disorders. . 
650 0 |a Education. 
650 1 4 |a Education. 
650 2 4 |a Education, general. 
710 2 |a SpringerLink (Online service) 
773 0 |t Springer eBooks 
856 4 0 |u http://dx.doi.org/10.1007/978-94-6300-642-2  |z Full Text via HEAL-Link 
912 |a ZDB-2-EDA 
950 |a Education (Springer-41171)